Loading...
| Fine Arts - Classical Music | 3 | 13.33 | 2,133% | 533% | 300% |
| Fine Arts - Other | 2 | 10.00 | 3,200% | 0% | 350% |
| Fine Arts - Painting & Sculpture | 3 | 10.00 | 2,833% | 0% | 233% |
| History - American | 3 | 13.33 | 1,200% | 200% | 433% |
| History - European | 2 | 10.00 | 0% | 450% | 350% |
| History - Other | 2 | 10.00 | 1,800% | 450% | 0% |
| History - World | 2 | 10.00 | 0% | 400% | 400% |
| Literature - American | 1 | 0.00 | 0% | 0% | 0% |
| Literature - British | 4 | 10.00 | 3,625% | 200% | 175% |
| Literature - European | 3 | 6.67 | 1,633% | 300% | 0% |
| Literature - World | 6 | 10.00 | 1,883% | 267% | 283% |
| Mythology | 3 | 13.33 | 0% | 233% | 733% |
| Other | 1 | 0.00 | 0% | 0% | 0% |
| Philosophy | 3 | 13.33 | 3,900% | 267% | 200% |
| Religion | 6 | 10.00 | 1,067% | 517% | 133% |
| Science - Biology | 3 | 10.00 | 3,267% | 0% | 300% |
| Science - Chemistry | 2 | 10.00 | 4,900% | 0% | 0% |
| Science - Other | 1 | 10.00 | 3,600% | 0% | 0% |
| Science - Physics | 4 | 12.50 | 2,025% | 200% | 575% |
| Social Science | 2 | 10.00 | 2,450% | 450% | 0% |